000
00323nam a22001457a 4500
020
_a
1-902260-85-6
082
_a
823
_b
HOF/V
100
_a
HOFFMAN, MARY
245
_a
VIRTUAL FRIEND
260
_a
GREAT BRITIAN
_b
BARRINGTON STOKE LTD
_c
2001
300
_a
59
520
_a
SHORT STORY
650
_a
SHORT STORY
942
_c
BK
999
_c
6033
_d
6033